000 00629nam a2200241Ia 4500
003 OSt
005 20221005075508.0
006 a|||||r|||| 00| 0
007 ta
008 221004b |||||||| |||| 00| 0 eng d
024 _a71598
037 _cTextual
040 _aCRL
_cCRL
_beng
041 _2eng
_aeng
082 _aY49(J).243, N1
100 _aMohinder Singh
245 0 _aPeasant movement in Pepsu Punjab
260 _aNew Delhi
_bNational Book India
_c1991
300 _ax,214p
_ccm.
650 _aSOCIOLOGY
942 _hY49(J).243, N1
_cTEXL
_2cc
999 _c984689
_d984689